[Event "Eurasian Blitz Chess Cup"]
[Site "Almaty KAZ"]
[Date "2016.06.19"]
[Round "21.4"]
[White "Le, Quang Liem"]
[Black "Artemiev, Vladislav"]
[Result "0-1"]
[WhiteTitle "GM"]
[BlackTitle "GM"]
[WhiteElo "2718"]
[BlackElo "2653"]
[WhiteFideId "12401137"]
[BlackFideId "24101605"]
[EventDate "2016.06.18"]

1. d4 d5 2. c4 c6 3. Nf3 Nf6 4. e3 g6 5. Nc3 Bg7 6. Be2 O-O 7. O-O Bg4 8. h3
Bxf3 9. Bxf3 e6 10. b3 Nbd7 11. Bb2 Nb6 12. Qe2 Nc8 13. Rfd1 Nd6 14. Rac1 Re8
15. g3 h5 16. h4 Nf5 17. Qd3 Qd6 18. e4 dxe4 19. Bxe4 Rad8 20. Bxf5 exf5 21. d5
f4 22. Qf3 fxg3 23. Qxg3 Qxg3+ 24. fxg3 Ng4 25. Re1 cxd5 26. cxd5 Ne5 27. Red1
Ng4 28. Re1 Re3 29. Rxe3 Nxe3 30. Kf2 Bd4 31. Kf3 Nxd5 32. Rd1 Nxc3 33. Bxc3 Bf6
34. Rxd8+ Bxd8 35. Bd4 a6 36. Be5 Kf8 37. Ke4 Ke7 38. Kd5 Kd7 39. Bd4 Bc7 40.
Bf2 f6 41. a4 Bd6 42. Be1 f5 43. Bf2 f4 44. gxf4 Bxf4 45. b4 g5 46. hxg5 Bxg5
47. Bg3 h4 48. Bh2 Bd8 49. Ke4 Bc7 50. Bg1 h3 51. b5 axb5 52. axb5 h2 53. Kd4 0-1

[Event "Eurasian Blitz Chess Cup"]
[Site "Almaty KAZ"]
[Date "2016.06.19"]
[Round "21.7"]
[White "Kasimdzhanov, Rustam"]
[Black "Moiseenko, Alexander"]
[Result "1-0"]
[WhiteTitle "GM"]
[BlackTitle "GM"]
[WhiteElo "2703"]
[BlackElo "2648"]
[WhiteFideId "14200244"]
[BlackFideId "14102560"]
[EventDate "2016.06.18"]

1. e4 c5 2. Nf3 Nc6 3. Bb5 d6 4. O-O Bd7 5. Re1 Nf6 6. h3 Ne5 7. Bxd7+ Nfxd7 8.
Nh2 g6 9. d3 Bg7 10. Nd2 O-O 11. Ndf1 b5 12. Ng3 b4 13. f4 Nc6 14. f5 Bd4+ 15.
Kh1 Bf2 16. Bf4 Bxe1 17. Qxe1 Nde5 18. Bh6 Re8 19. Qf2 Qb6 20. Rf1 c4 21. Be3
Qa6 22. d4 Qxa2 23. dxe5 Nxe5 24. Bd4 Rf8 25. f6 Rae8 26. Qf4 c3 27. bxc3 bxc3
28. Nf5 exf6 29. Nh6+ Kg7 30. Qxf6+ Kxh6 31. Be3+ 1-0

[Event "Eurasian Blitz Chess Cup"]
[Site "Almaty KAZ"]
[Date "2016.06.19"]
[Round "21.9"]
[White "Saric, Ivan"]
[Black "Kovalenko, Igor"]
[Result "0-1"]
[WhiteTitle "GM"]
[BlackTitle "GM"]
[WhiteElo "2660"]
[BlackElo "2668"]
[WhiteFideId "14508150"]
[BlackFideId "14117908"]
[EventDate "2016.06.18"]

1. e4 e6 2. d4 d5 3. Nc3 Bb4 4. e5 c5 5. a3 Bxc3+ 6. bxc3 Qa5 7. Bd2 Qa4 8. Rb1
c4 9. Qc1 Nc6 10. Be2 b6 11. Bh5 Bd7 12. Ne2 g6 13. Bf3 O-O-O 14. h4 f6 15. exf6
Nxf6 16. O-O Rdf8 17. Bh6 Rf7 18. Re1 e5 19. dxe5 Nxe5 20. Nd4 Nxf3+ 21. Nxf3
Ne4 22. Ng5 Nxg5 23. Bxg5 Bf5 24. Qd2 Rd7 25. Qd4 Rf8 26. Re2 Kb7 27. Rbe1 Rff7
28. Re5 Qxc2 29. Rxd5 Qd3 30. Rd1 Qxd4 31. R1xd4 Rxd5 32. Rxd5 h5 33. f3 Kc6 34.
Rd4 Bd3 35. Kf2 Kb5 36. Rf4 Rh7 37. Rf6 Ka4 38. Ke3 Kxa3 39. g4 Kb3 40. Kd2 hxg4
41. fxg4 Rd7 42. Be3 b5 43. Ra6 b4 44. cxb4 c3+ 45. Kc1 Be2 0-1

[Event "Eurasian Blitz Chess Cup"]
[Site "Almaty KAZ"]
[Date "2016.06.19"]
[Round "21.10"]
[White "Vallejo Pons, Francisco"]
[Black "Volokitin, Andrei"]
[Result "0-1"]
[WhiteTitle "GM"]
[BlackTitle "GM"]
[WhiteElo "2711"]
[BlackElo "2624"]
[WhiteFideId "2205530"]
[BlackFideId "14107090"]
[EventDate "2016.06.18"]

1. e4 c5 2. Nf3 d6 3. d4 cxd4 4. Nxd4 Nf6 5. Nc3 a6 6. Qd3 g6 7. Bg5 Bg7 8.
O-O-O O-O 9. f4 Nbd7 10. Be2 Qc7 11. Bf3 h6 12. Bh4 e5 13. fxe5 Nxe5 14. Qe2 Be6
15. Kb1 Rac8 16. Bg3 Nc4 17. Rd3 Nd7 18. Nxe6 fxe6 19. Bg4 Nc5 20. Nd1 Rfe8 21.
Rb3 Nxb3 22. axb3 Ne5 23. Ne3 Nxg4 24. Nxg4 h5 25. Ne3 Qc6 26. Nc4 d5 27. Nd6
dxe4 28. Re1 Red8 29. Nxc8 Rxc8 30. Qxe4 Qxe4 31. Rxe4 Rc6 32. c4 g5 33. Kc2 Kf7
34. b4 Kg6 35. c5 Kf5 36. Re2 b6 37. Bd6 Bd4 38. Rf2+ Bxf2 0-1

[Event "Eurasian Blitz Chess Cup"]
[Site "Almaty KAZ"]
[Date "2016.06.19"]
[Round "21.11"]
[White "Shoker, Samy"]
[Black "Sjugirov, Sanan"]
[Result "0-1"]
[WhiteTitle "GM"]
[BlackTitle "GM"]
[WhiteElo "2489"]
[BlackElo "2665"]
[WhiteFideId "627143"]
[BlackFideId "4189302"]
[EventDate "2016.06.18"]

1. Nf3 Nf6 2. g3 d5 3. Bg2 c6 4. c4 dxc4 5. O-O Nbd7 6. Na3 Nb6 7. Qc2 Be6 8.
Ng5 Bg4 9. Nxc4 Bxe2 10. Ne5 Bh5 11. Bf3 Bg6 12. Qb3 e6 13. Re1 Be7 14. a4 Rb8
15. Bxc6+ bxc6 16. Nxc6 Qc7 17. Nxb8 Qxb8 18. d4 O-O 19. Bf4 Qa8 20. Rac1 Nbd5
21. Be5 Nd7 22. Nf3 Bh5 23. Nd2 Bb4 24. Qd3 Bg6 25. Qe2 Nxe5 26. dxe5 Qb8 27.
Red1 Bxd2 28. Rxd2 Qb4 29. Rc4 Qb3 30. Rcd4 h5 31. h4 Rc8 32. Kg2 Qb7 33. Qf3
Rc1 34. Kh2 Qc7 35. Qe2 Qc6 36. Qf3 Ra1 37. b3 Rc1 38. Qg2 Qc7 39. Re2 Bf5 40.
Qf3 Bg4 41. Rxg4 hxg4 42. Qxg4 Rb1 43. Qf3 Qc1 44. h5 Qg1+ 45. Kh3 Rc1 46. Rd2
Rc3 47. Qe4 Qf1+ 48. Kh2 Rc1 49. h6 Qg1+ 50. Kh3 Qh1+ 51. Qxh1 Rxh1+ 52. Kg2
Rxh6 53. Rd4 Rh5 54. f4 g5 55. f5 Kg7 56. b4 Rh8 57. fxe6 fxe6 58. Rc4 Kg6 59.
g4 Ne3+ 0-1

[Event "Eurasian Blitz Chess Cup"]
[Site "Almaty KAZ"]
[Date "2016.06.19"]
[Round "21.12"]
[White "Dzhumagaliev, Yan"]
[Black "Megaranto, Susanto"]
[Result "0-1"]
[WhiteTitle "FM"]
[BlackTitle "GM"]
[WhiteElo "2400"]
[BlackElo "2535"]
[WhiteFideId "24100110"]
[BlackFideId "7101384"]
[EventDate "2016.06.18"]

1. d4 Nf6 2. c4 e6 3. g3 Bb4+ 4. Bd2 a5 5. Bg2 O-O 6. Nf3 b6 7. O-O Bb7 8. Bf4
Be7 9. Nc3 Ne4 10. Rc1 d6 11. Qd3 Nxc3 12. Rxc3 g6 13. Bh6 Re8 14. e4 Nd7 15.
Qe3 e5 16. dxe5 Nxe5 17. Nxe5 dxe5 18. Rd3 Qc8 19. Rfd1 Bc6 20. h4 Qe6 21. Kh2
Bc5 22. Qf3 f6 23. b3 Bd4 24. Be3 Bxe3 25. Qxe3 Qe7 26. Qd2 Kg7 27. f3 Qf7 28.
Bh3 Re7 29. Qc3 h5 30. a4 Kh7 31. c5 b5 32. axb5 Bxb5 33. R3d2 a4 34. bxa4 Rxa4
35. Qb2 Bc6 36. Bf1 f5 37. exf5 gxf5 38. Bg2 f4 39. Qc2+ Kg7 40. gxf4 Qxf4+ 41.
Kg1 Qe3+ 42. Rf2 Rxh4 43. Qf5 Qf4 44. Qc8 Qh2+ 45. Kf1 Bb5+ 46. Ke1 Qg1+ 47. Bf1
Bxf1 48. Qd8 Bb5+ 49. Kd2 Qxf2+ 50. Kc3 Rc4+ 0-1

[Event "Eurasian Blitz Chess Cup"]
[Site "Almaty KAZ"]
[Date "2016.06.19"]
[Round "21.13"]
[White "Kazhgaleyev, Murtas"]
[Black "Jones, Gawain C B"]
[Result "1-0"]
[WhiteTitle "GM"]
[BlackTitle "GM"]
[WhiteElo "2582"]
[BlackElo "2650"]
[WhiteFideId "13700316"]
[BlackFideId "409561"]
[EventDate "2016.06.18"]

1. d4 Nf6 2. c4 g6 3. Nc3 Bg7 4. e4 d6 5. h3 O-O 6. Bg5 c5 7. d5 b5 8. cxb5 a6
9. a4 Nbd7 10. Nf3 Qa5 11. Bd2 axb5 12. Bxb5 Ba6 13. O-O Bxb5 14. Nxb5 Qb6 15.
Qc2 Rfc8 16. Bc3 Qb7 17. Nd2 c4 18. Nd4 Ne5 19. f4 Nd3 20. Nc6 Rxc6 21. dxc6
Qxc6 22. Bxf6 Bxf6 23. Qxc4 Qb6+ 24. Kh2 Nxb2 25. Qc2 Qd4 26. a5 h5 27. Ra2 Kh7
28. e5 Nd3 29. exf6 Nb4 30. Qb3 e6 31. Ra4 Rb8 32. a6 Qxd2 33. a7 Ra8 34. Qxb4
Qxb4 35. Rxb4 Rxa7 36. Rfb1 Ra2 37. Rb7 g5 38. Rxf7+ Kg6 39. Rg7+ Kxf6 40. Rxg5 1-0

[Event "Eurasian Blitz Chess Cup"]
[Site "Almaty KAZ"]
[Date "2016.06.19"]
[Round "21.14"]
[White "Potkin, Vladimir"]
[Black "Hou, Yifan"]
[Result "1-0"]
[WhiteTitle "GM"]
[BlackTitle "GM"]
[WhiteElo "2597"]
[BlackElo "2663"]
[WhiteFideId "4131061"]
[BlackFideId "8602980"]
[EventDate "2016.06.18"]

1. c4 e6 2. Nc3 b6 3. e4 Bb7 4. Nf3 c5 5. d4 cxd4 6. Nxd4 d6 7. Be2 Nf6 8. f3
Be7 9. O-O a6 10. Be3 O-O 11. Qd2 Qc7 12. Rac1 Nbd7 13. Rfd1 Rac8 14. Kh1 Rfe8
15. Bf1 Qb8 16. Bf2 Bd8 17. Bg1 Kh8 18. b4 Bc7 19. Rb1 Rg8 20. Nb3 Rcd8 21. a4
Ne5 22. a5 bxa5 23. Nxa5 Ba8 24. Qa2 Qc8 25. b5 Bxa5 26. Qxa5 axb5 27. Nxb5 d5
28. exd5 exd5 29. c5 Rgf8 30. Nd6 Qd7 31. Bb5 Bc6 32. Bd4 Ra8 33. Qe1 Ng6 34.
Bxc6 Qxc6 35. Rb6 Qd7 36. Qc3 Kg8 37. Bxf6 gxf6 38. Qxf6 Qa4 39. Rbb1 Qh4 40.
Qxh4 Nxh4 41. c6 Rad8 42. Rxd5 Nf5 43. Nxf5 1-0

[Event "Eurasian Blitz Chess Cup"]
[Site "Almaty KAZ"]
[Date "2016.06.19"]
[Round "21.15"]
[White "Jumabayev, Rinat"]
[Black "Kostenko, Petr"]
[Result "1-0"]
[WhiteTitle "GM"]
[BlackTitle "GM"]
[WhiteElo "2613"]
[BlackElo "2476"]
[WhiteFideId "13702661"]
[BlackFideId "13700669"]
[EventDate "2016.06.18"]

1. d4 e6 2. c4 Nf6 3. g3 Bb4+ 4. Nd2 a5 5. Bg2 d5 6. a3 Be7 7. Ngf3 O-O 8. O-O
c6 9. Qc2 b5 10. c5 Nbd7 11. Rd1 Qc7 12. e4 dxe4 13. Nxe4 Nxe4 14. Qxe4 Nf6 15.
Qc2 Nd5 16. Bg5 f6 17. Bd2 Bd7 18. Re1 Rae8 19. Re2 Bd8 20. Rae1 Qc8 21. h4 Bc7
22. h5 Qd8 23. Bh3 Qc8 24. Qd3 a4 25. Re4 e5 26. Bxd7 Qxd7 27. dxe5 fxe5 28.
Nxe5 Bxe5 29. Rxe5 Qf7 30. Rxe8 Rxe8 31. Rxe8+ Qxe8 32. h6 gxh6 33. Bxh6 Qe1+
34. Kg2 Qe5 35. Qf3 Qf6 36. Qxf6 Nxf6 37. Kf3 Kf7 38. Be3 Ke6 39. Bd4 Nd5 40.
Ke4 Ne7 41. g4 Ng8 42. f4 Nh6 43. f5+ Kf7 44. Kf4 Ke7 45. g5 Nf7 46. Kg4 Kf8 47.
Bf6 Kg8 48. Kh5 Kf8 49. g6 hxg6+ 50. fxg6 Ke8 1-0

[Event "Eurasian Blitz Chess Cup"]
[Site "Almaty KAZ"]
[Date "2016.06.19"]
[Round "21.16"]
[White "Dreev, Aleksey"]
[Black "Harika, Dronavalli"]
[Result "0-1"]
[WhiteTitle "GM"]
[BlackTitle "GM"]
[WhiteElo "2664"]
[BlackElo "2514"]
[WhiteFideId "4100107"]
[BlackFideId "5015197"]
[EventDate "2016.06.18"]

1. d4 g6 2. Nf3 Nf6 3. g3 Bg7 4. Bg2 O-O 5. O-O d6 6. b3 Nbd7 7. Bb2 e5 8. dxe5
Ng4 9. c4 dxe5 10. Qc2 f5 11. h3 Nh6 12. Rd1 Qe8 13. Nc3 e4 14. Ng5 Qe7 15. Nd5
Qxg5 16. Bxg7 Kxg7 17. Nxc7 Nf6 18. Nxa8 e3 19. Qc3 f4 20. gxf4 exf2+ 21. Kxf2
Qxf4+ 22. Kg1 Nf5 23. Rf1 Qd6 24. Rad1 Qc5+ 25. Kh1 Ne3 26. b4 Qg5 27. Rg1 Nxd1
28. Rxd1 Kh6 29. Qd2 Nh5 30. Qxg5+ Kxg5 31. Nc7 Rf2 32. Bf3 Nf4 33. Nd5 Nxe2 34.
Bg2 Ng3+ 35. Kh2 Nf5 36. Kg1 Rxa2 37. Nc3 Rxg2+ 38. Kxg2 Ne3+ 39. Kf3 Nxd1 40.
Nxd1 Bxh3 41. Ne3 Be6 42. c5 a6 43. Ke4 h5 44. Ke5 Bd7 45. Kd6 Bc6 46. Nc4 h4
47. Ne5 h3 0-1

[Event "Eurasian Blitz Chess Cup"]
[Site "Almaty KAZ"]
[Date "2016.06.19"]
[Round "21.17"]
[White "Savchenko, Boris"]
[Black "Gunina, Valentina"]
[Result "1-0"]
[WhiteTitle "GM"]
[BlackTitle "GM"]
[WhiteElo "2633"]
[BlackElo "2518"]
[WhiteFideId "4147332"]
[BlackFideId "4167570"]
[EventDate "2016.06.18"]

1. e4 c6 2. d4 d5 3. Nc3 dxe4 4. Nxe4 Bf5 5. Ng3 Bg6 6. Nf3 Nd7 7. Nh4 e6 8.
Nxg6 hxg6 9. Ne2 Ngf6 10. g3 Bd6 11. c3 Qc7 12. Bg2 O-O-O 13. Qa4 Kb8 14. h3 e5
15. Be3 Nb6 16. Qa5 exd4 17. Bxd4 Rhe8 18. Kf1 Ne4 19. Rd1 f5 20. Rd3 g5 21. Bf3
c5 22. Be3 f4 23. gxf4 gxf4 24. Bc1 Ng5 25. Bg4 Be5 26. Qb5 a6 27. Rxd8+ Rxd8
28. Qb3 c4 29. Qc2 Rd3 30. Rg1 Nxh3 31. Bxh3 Rxh3 32. Qe4 f3 33. Nd4 Nd7 34.
Nxf3 Rh5 35. Rg6 Nc5 36. Qe2 Nd3 37. Nxe5 Rxe5 38. Be3 Qf7 39. Rg3 Rf5 40. Kg1
g6 41. b4 Ne5 42. Bf4 Rxf4 43. Qxe5+ Ka7 44. Qc5+ b6 45. Qe3 Qf6 46. a4 Rf5 47.
a5 Kb7 48. Qe4+ Kc7 49. Qxc4+ Kb7 50. Qe4+ Ka7 51. axb6+ Kxb6 52. c4 g5 53. c5+
Kc7 54. Qe3 Rf4 55. Qd2 Rd4 56. Rd3 Rg4+ 57. Kf1 Qa1+ 58. Ke2 Re4+ 59. Kf3 Rf4+
60. Kg2 Rg4+ 61. Rg3 Rxg3+ 62. Kxg3 Qe5+ 63. Kg4 Kc6 64. Qd6+ Qxd6 65. cxd6 Kd5 1-0

[Event "Eurasian Blitz Chess Cup"]
[Site "Almaty KAZ"]
[Date "2016.06.19"]
[Round "21.19"]
[White "Arutinian, David"]
[Black "Filippov, Anton UZB"]
[Result "1-0"]
[WhiteTitle "GM"]
[BlackTitle "GM"]
[WhiteElo "2527"]
[BlackElo "2582"]
[WhiteFideId "13601741"]
[BlackFideId "14200988"]
[EventDate "2016.06.18"]

1. d4 Nf6 2. c4 e6 3. Nf3 Bb4+ 4. Bd2 a5 5. Nc3 d6 6. g3 Nbd7 7. Bg2 e5 8. Qc2
O-O 9. O-O Re8 10. e4 exd4 11. Nxd4 Ne5 12. b3 Bc5 13. Nce2 Bg4 14. f3 Nc6 15.
Be3 Bd7 16. Kh1 Nxd4 17. Nxd4 a4 18. Bg1 Ra7 19. Rab1 axb3 20. axb3 Qa8 21. b4
Bb6 22. c5 dxc5 23. bxc5 Ra2 24. Qc4 Ra4 25. Qc2 Ra2 26. Qc4 Ra4 27. Qc3 Ba5 28.
Qc2 Bb4 29. f4 c6 30. f5 Ng4 31. Nb3 Ne5 32. Rfd1 Ra2 33. Rb2 Rxb2 34. Qxb2 Qa3
35. Qc2 Bc8 36. Ra1 Bxc5 37. Rxa3 Bxa3 38. Bd4 Bf8 39. Qc3 Ng4 40. h3 Nf6 41.
Bxf6 gxf6 42. Qxf6 Bg7 43. Qg5 h6 44. Qf4 Kh7 45. f6 Bf8 46. e5 Rd8 47. Nd4 c5
48. Be4+ Kh8 49. Nf5 Rd1+ 50. Kh2 c4 51. Nd6 Be6 52. Bc2 Re1 53. Qf3 Rxe5 54.
Ne4 b5 55. Qf4 Rf5 56. Qb8 Kg8 57. g4 Rd5 58. Kg3 b4 59. Nf2 b3 60. Bh7+ Kxh7
61. Qxf8 Rg5 62. Ne4 Rg8 63. Qb4 Rc8 64. Nc3 Rd8 65. Kf4 Kg6 66. Qb7 Rd4+ 67.
Ke5 Rd3 68. Qe4+ Kg5 69. Qf4+ Kh4 70. Ne4 b2 71. Qxh6# 1-0

[Event "Eurasian Blitz Chess Cup"]
[Site "Almaty KAZ"]
[Date "2016.06.19"]
[Round "21.20"]
[White "Aleksandrov, Aleksej"]
[Black "Sanikidze, Tornike"]
[Result "0-1"]
[WhiteTitle "GM"]
[BlackTitle "GM"]
[WhiteElo "2577"]
[BlackElo "2548"]
[WhiteFideId "13500139"]
[BlackFideId "13602608"]
[EventDate "2016.06.18"]

1. d4 d5 2. c4 e6 3. Nc3 Bb4 4. e3 Nf6 5. a3 Bxc3+ 6. bxc3 c5 7. cxd5 exd5 8.
Bd3 O-O 9. Ne2 b6 10. O-O Ba6 11. f3 Bxd3 12. Qxd3 Re8 13. Ng3 Nc6 14. Ra2 Qd7
15. Re2 h5 16. Rd1 Rad8 17. Nh1 Re6 18. Nf2 Qe7 19. Rde1 Qd7 20. Bb2 Rd6 21. Rd1
Qe7 22. Bc1 Re6 23. a4 Rd7 24. Ba3 c4 25. Bxe7 cxd3 26. Nxd3 Rexe7 27. Kf2 Rc7
28. Rc1 Na5 29. h3 Rc4 30. Nb2 Rc6 31. g4 Rec7 32. g5 Nd7 33. e4 Nb3 34. exd5
Rd6 35. Rcc2 Rxd5 36. h4 Nf8 37. Nd3 Ne6 38. Nb4 Rd6 39. d5 Nf4 40. Re8+ Kh7 41.
c4 Nd4 42. Rc3 a5 43. Na6 Ra7 44. c5 bxc5 45. Nxc5 Nxd5 46. Rd3 Nf4 47. Rd2 Nf5
48. Rb2 Rd5 49. Rb7 Rxb7 50. Nxb7 Nxh4 51. Ke3 Nhg6 52. Ke4 Rd1 53. Ra8 Re1+ 54.
Kd4 h4 55. Nd6 Rd1+ 56. Kc5 Rd5+ 57. Kc6 Ne5+ 0-1

[Event "Eurasian Blitz Chess Cup"]
[Site "Almaty KAZ"]
[Date "2016.06.19"]
[Round "21.22"]
[White "Bologan, Viktor"]
[Black "Egorov, Evgeny"]
[Result "1-0"]
[WhiteTitle "GM"]
[BlackTitle "IM"]
[WhiteElo "2654"]
[BlackElo "2387"]
[WhiteFideId "13900048"]
[BlackFideId "13700421"]
[EventDate "2016.06.18"]

1. e4 c5 2. Nf3 Nc6 3. Bb5 g5 4. Bxc6 dxc6 5. Nxg5 Nf6 6. Nc3 Rg8 7. d3 h6 8. h4
hxg5 9. hxg5 Ng4 10. f3 Ne5 11. f4 Nd7 12. Be3 Bg7 13. Qd2 Qa5 14. O-O-O b5 15.
Kb1 b4 16. Ne2 Nb6 17. f5 Rb8 18. b3 Qb5 19. Rdf1 a5 20. f6 exf6 21. gxf6 Bf8
22. Nf4 a4 23. Rh5 Ra8 24. Qf2 axb3 25. cxb3 Be6 26. Qc2 Nd7 27. Nxe6 Bd6 28.
Ng7+ Kd8 29. Bf4 Bxf4 30. Rxf4 Kc7 31. Rff5 Kb6 32. e5 Nf8 33. e6 Nxe6 34. Nxe6
fxe6 35. Rxc5 1-0

[Event "Eurasian Blitz Chess Cup"]
[Site "Almaty KAZ"]
[Date "2016.06.19"]
[Round "21.23"]
[White "Anton Guijarro, David"]
[Black "Vakhidov, Jahongir"]
[Result "1-0"]
[WhiteTitle "GM"]
[BlackTitle "GM"]
[WhiteElo "2627"]
[BlackElo "2578"]
[WhiteFideId "2285525"]
[BlackFideId "14201801"]
[EventDate "2016.06.18"]

1. e4 d5 2. exd5 Qxd5 3. Nc3 Qd6 4. Nf3 Nf6 5. h3 g6 6. Bc4 Bg7 7. d3 O-O 8. O-O
a6 9. a4 c5 10. Re1 Nc6 11. Ne4 Nxe4 12. dxe4 Nd4 13. c3 Nxf3+ 14. Qxf3 Be6 15.
Bxe6 Qxe6 16. Be3 Rfc8 17. a5 Qb3 18. Qe2 Qb5 19. Kf1 Be5 20. Red1 e6 21. f4 Bc7
22. Qxb5 axb5 23. Bxc5 Bxf4 24. Bb6 Bc7 25. Bxc7 Rxc7 26. Rd4 b6 27. a6 Rca7 28.
Rb4 Rxa6 29. Rxa6 Rxa6 30. Rxb5 Kf8 31. Ke2 Ke7 32. e5 Kd7 33. Rb4 Kc6 34. Kd3
Kd5 35. Re4 b5 36. Rb4 Kxe5 37. Rxb5+ Kf4 38. c4 e5 39. c5 e4+ 40. Ke2 f5 41.
Rb6 Ra5 42. b4 Ra2+ 43. Kd1 Ke3 44. b5 Kd3 45. Rd6+ Ke3 46. c6 Kf2 47. c7 e3 48.
Re6 Ra8 49. b6 f4 50. b7 Ra1+ 51. Kc2 e2 52. c8=Q e1=Q 53. Rxe1 1-0

[Event "Eurasian Blitz Chess Cup"]
[Site "Almaty KAZ"]
[Date "2016.06.19"]
[Round "21.24"]
[White "Marin, Mihail"]
[Black "Pak, Yevgeniy"]
[Result "0-1"]
[WhiteTitle "GM"]
[BlackTitle "IM"]
[WhiteElo "2576"]
[BlackElo "2401"]
[WhiteFideId "1200020"]
[BlackFideId "14201712"]
[EventDate "2016.06.18"]

1. Nf3 c5 2. g3 g6 3. Bg2 Bg7 4. d4 Nf6 5. O-O O-O 6. dxc5 Na6 7. c4 Nxc5 8. Nc3
d6 9. Nd4 Rb8 10. b3 Bd7 11. Bb2 a6 12. Rc1 Ne6 13. Nc2 b5 14. cxb5 axb5 15. Nb4
Qa5 16. a3 Rbc8 17. Qd2 Rfe8 18. Rfd1 Nc5 19. Ncd5 Nxb3 20. Nxe7+ Rxe7 21. Rxc8+
Bxc8 22. Qc2 Be6 23. Nc6 Rc7 24. Qd3 Qa4 25. Qxd6 Ne8 26. Qd8 Bxb2 27. Qxe8+ Kg7
28. Rd8 Kh6 29. Ne7 Rxe7 30. Qxe7 Nc1 31. Bf3 Qxa3 32. Qxa3 Bxa3 33. Rb8 b4 34.
Kg2 Na2 35. Be4 Nc3 36. Bd3 Kg7 37. h4 h5 38. e3 b3 39. Kf1 b2 40. Ke1 Bf5 0-1

[Event "Eurasian Blitz Chess Cup"]
[Site "Almaty KAZ"]
[Date "2016.06.19"]
[Round "22.4"]
[White "Artemiev, Vladislav"]
[Black "Le, Quang Liem"]
[Result "1-0"]
[WhiteTitle "GM"]
[BlackTitle "GM"]
[WhiteElo "2653"]
[BlackElo "2718"]
[WhiteFideId "24101605"]
[BlackFideId "12401137"]
[EventDate "2016.06.18"]

1. Nf3 d5 2. d4 Nf6 3. c4 e6 4. g3 Be7 5. Bg2 O-O 6. Qc2 c5 7. dxc5 Qa5+ 8. Qc3
Qxc5 9. cxd5 Nxd5 10. Qxc5 Bxc5 11. O-O Bd7 12. Ne5 Bb5 13. Bxd5 exd5 14. Nc3
Bc6 15. Nxc6 bxc6 16. Na4 Be7 17. Be3 Nd7 18. Rac1 Rfc8 19. Rc2 c5 20. Rfc1 c4
21. Rd1 Nf6 22. Bg5 Rd8 23. Rcd2 Rab8 24. Nc3 Kf8 25. Bf4 Rb7 26. e4 d4 27. Rxd4
Rxd4 28. Rxd4 Rxb2 29. Rxc4 Ke8 30. Rc8+ Kd7 31. Rc7+ Kd8 32. Nd5 Nxd5 33. exd5
g5 34. d6 gxf4 35. dxe7+ Ke8 36. Rxa7 f3 37. h3 Rb1+ 38. Kh2 Rb2 39. g4 Rxf2+
40. Kg3 Rf1 41. a4 Rh1 42. a5 f2 43. Kxf2 Rxh3 44. a6 Ra3 45. g5 Ra5 46. Kf3 Ra4
47. Kg3 Ra5 48. Kg4 Ra1 49. Kf5 Rf1+ 50. Ke5 Ra1 51. Kf6 Rf1+ 52. Kg7 Ra1 53.
Kxh7 Ra5 54. Kh6 Ra4 55. Kg7 Ra1 56. Ra8+ Kxe7 57. Rf8 Rxa6 58. Rxf7+ Ke8 59. g6
Ra1 60. Rf2 Re1 61. Kg8 Ke7 62. g7 Rh1 63. Re2+ Kd7 64. Re4 Kd6 65. Kf7 Rf1+ 66.
Kg6 Rg1+ 67. Kf6 Kd7 68. Re5 Rf1+ 69. Rf5 1-0

[Event "Eurasian Blitz Chess Cup"]
[Site "Almaty KAZ"]
[Date "2016.06.19"]
[Round "22.7"]
[White "Moiseenko, Alexander"]
[Black "Kasimdzhanov, Rustam"]
[Result "1-0"]
[WhiteTitle "GM"]
[BlackTitle "GM"]
[WhiteElo "2648"]
[BlackElo "2703"]
[WhiteFideId "14102560"]
[BlackFideId "14200244"]
[EventDate "2016.06.18"]

1. d4 d5 2. c4 dxc4 3. e3 Nf6 4. Bxc4 e6 5. Nf3 c5 6. O-O a6 7. Nc3 b5 8. Be2
Nbd7 9. d5 exd5 10. Nxd5 Bb7 11. Nxf6+ Qxf6 12. a4 b4 13. e4 Be7 14. Bg5 Qe6 15.
Rc1 Bxg5 16. Nxg5 Qe7 17. f4 h6 18. Nf3 Rd8 19. Qe1 O-O 20. e5 Rfe8 21. a5 Nf8
22. Bc4 Ne6 23. Qg3 Nd4 24. Nxd4 Rxd4 25. Rf2 Kh8 26. h3 f6 27. Qg6 Be4 28. Qh5
f5 29. b3 Red8 30. Kh2 Rd2 31. Rcf1 R2d4 32. Bxa6 Ra8 33. Bc4 Rxa5 34. Qg6 Ra8
35. Rb2 Rad8 36. Rff2 Ra8 37. Ra2 Rdd8 38. Rxa8 Rxa8 39. Rd2 Rd8 40. Rd6 Ra8 41.
Rd2 Qh4 42. Rd7 Qxf4+ 43. Qg3 Qxg3+ 44. Kxg3 Re8 45. e6 g5 46. Rc7 f4+ 47. Kf2
Bf5 48. e7 Bg6 49. Bb5 Ra8 50. Rd7 Ra2+ 51. Kf3 Rb2 52. Rd8+ Kg7 53. e8=Q Bxe8
54. Rxe8 Rxb3+ 55. Kg4 Rg3+ 56. Kf5 Rxg2 57. Re7+ Kf8 58. Ke4 1-0

[Event "Eurasian Blitz Chess Cup"]
[Site "Almaty KAZ"]
[Date "2016.06.19"]
[Round "22.9"]
[White "Kovalenko, Igor"]
[Black "Saric, Ivan"]
[Result "1-0"]
[WhiteTitle "GM"]
[BlackTitle "GM"]
[WhiteElo "2668"]
[BlackElo "2660"]
[WhiteFideId "14117908"]
[BlackFideId "14508150"]
[EventDate "2016.06.18"]

1. c4 e5 2. g3 Nf6 3. Nc3 Bb4 4. Nf3 e4 5. Nd4 O-O 6. Bg2 Re8 7. O-O Nc6 8. Nc2
Bxc3 9. bxc3 d6 10. Rb1 Ne5 11. Ne3 b6 12. Nd5 Bb7 13. Qb3 a5 14. a4 Bc6 15. Bb2
Ned7 16. d4 Qc8 17. Bh3 Qd8 18. Bc1 h6 19. Ba3 Rb8 20. Rfd1 Bb7 21. Ne3 Ba6 22.
Qa2 Nf8 23. c5 d5 24. Rb2 Ne6 25. Rdb1 Ng5 26. Bg2 Qc8 27. Nxd5 Nxd5 28. Qxd5
Bb7 29. c6 Ba8 30. Qc4 Qe6 31. d5 Qf6 32. Rb5 Rbc8 33. Rd1 h5 34. h4 Nh7 35. Qd4
Qf5 36. c4 Nf6 37. Bb2 Qg4 38. Qe3 Rcd8 39. Bxf6 gxf6 40. Kh2 f5 41. Bh3 Qg6 42.
Rbb1 Kf8 43. Qf4 Rd6 44. Bxf5 Qf6 45. Bh3 Qc3 46. Rdc1 Qd4 47. Qe3 Qe5 48. Rb5
Rf6 49. Rbb1 Rd8 50. Rd1 Re8 51. Kg2 Rd8 52. Qd4 Qd6 53. Qc3 Re8 54. Qd4 e3 55.
f4 Rd8 56. Qxe3 Re8 57. Qf2 Rg6 58. Kh2 Qa3 59. Rd3 Qxa4 60. Rc3 Qa2 61. Re1 Qb2
62. Rcc1 a4 63. Kg2 a3 64. e4 Qb4 65. Bf5 Rf6 66. Rb1 Qxc4 67. Rec1 Qa4 68. Qc2
Qa5 69. Qc3 Qxc3 70. Rxc3 1-0

[Event "Eurasian Blitz Chess Cup"]
[Site "Almaty KAZ"]
[Date "2016.06.19"]
[Round "22.10"]
[White "Volokitin, Andrei"]
[Black "Vallejo Pons, Francisco"]
[Result "0-1"]
[WhiteTitle "GM"]
[BlackTitle "GM"]
[WhiteElo "2624"]
[BlackElo "2711"]
[WhiteFideId "14107090"]
[BlackFideId "2205530"]
[EventDate "2016.06.18"]

1. e4 c5 2. Nf3 e6 3. d4 cxd4 4. Nxd4 a6 5. Bd3 Qc7 6. O-O Nf6 7. Qe2 d6 8. c4
g6 9. Nc3 Bg7 10. Nf3 O-O 11. h3 Nc6 12. Be3 Nd7 13. Rac1 Nde5 14. Rfd1 Nxf3+
15. Qxf3 Ne5 16. Qe2 b6 17. b3 Bb7 18. Bb1 Rfd8 19. Qd2 Rd7 20. Na4 Rb8 21. Bxb6
Qc6 22. Bd4 f5 23. f4 fxe4 24. Bxe5 e3 25. Qe2 dxe5 26. Rxd7 Qxd7 27. Qxe3 Qc6
28. Qe2 exf4 29. Re1 Bd4+ 30. Kh2 Be3 31. Nc3 Qc7 32. Kh1 Rd8 33. Be4 Bc8 34.
Rd1 Bd4 35. Nd5 exd5 36. Bxd5+ Rxd5 37. cxd5 Be3 38. d6 Qf7 39. Qc4 Bd7 40.
Qxf7+ Kxf7 41. Rd5 Ke6 42. Ra5 Bb5 43. a4 Be2 44. b4 Bb6 45. Rg5 Kxd6 46. b5 a5
47. h4 Bd1 48. Kh2 Bxa4 49. h5 Bc2 50. hxg6 hxg6 51. Rg4 Ke5 52. Rh4 a4 53. Rh8
a3 54. Ra8 Bc5 55. b6 Be4 56. Ra5 Kd4 57. Rb5 Bb7 58. Ra5 Kc4 59. Ra7 Bd5 60.
Ra5 Kb4 61. Ra7 Bxb6 0-1